[Event "CRI-ch (Women)"]
[Site "San Jose"]
[Date "2024.02.04"]
[Round "3"]
[White "Campos Munoz, Valentina"]
[Black "Diaz Charpentier, Ashly Valeri"]
[Result "1-0"]
[WhiteElo "1359"]
[BlackElo "1291"]
[PlyCount "91"]
[EventDate "2024.02.03"]
[EventType "swiss"]
[EventRounds "9"]
[EventCountry "CRI"]
[SourceTitle "CBM 218 Extra"]
[Source "ChessBase"]
[SourceDate "2024.03.31"]
[SourceVersion "1"]
[SourceVersionDate "2024.03.31"]
[SourceQuality "1"]

1. e4 e5 2. Nf3 Nc6 3. Bc4 Bc5 4. d3 h6 5. Nbd2 Nf6 6. c3 a6 7. Bb3 0-0 8. 0-0 d6 9. h3 Be6 10. Re1 Qd7 11. Nf1 Rfe8 12. Ng3 Bb6 13. Nh4 d5 14. Qf3 dxe4 15. dxe4 Ne7 16. Bxh6 Bxb3 17. axb3 gxh6 18. Qxf6 Qe6 19. Nh5 Qxf6 20. Nxf6+ Kf8 21. Nxe8 Kxe8 22. Rad1 Ng8 23. Nf5 a5 24. Rd5 f6 25. Red1 Ne7 26. Nxe7 Kxe7 27. Rd7+ Ke6 28. Rh7 Re8 29. Rxh6 Rg8 30. Rd3 Rf8 31. Kf1 Rf7 32. g4 Ke7 33. Rf3 Bc5 34. Rf5 Bd6 35. h4 Rg7 36. g5 fxg5 37. hxg5 b5 38. g6 Ke6 39. Rg5 Kf6 40. Rf5+ Ke6 41. Kg2 c5 42. Kg3 a4 43. bxa4 bxa4 44. c4 Rb7 45. g7+ Kd7 46. Rf7+ 1-0

[Event "Caribbean-ch U14"]
[Site "San Salvador"]
[Date "2021.11.27"]
[Round "4"]
[White "Burgos, Bryan Daniel"]
[Black "Diaz Charpentier, Ashly Valeri"]
[Result "0-1"]
[WhiteElo "1464"]
[BlackElo "1030"]
[PlyCount "82"]
[EventDate "2021.11.27"]
[EventType "swiss"]
[EventRounds "9"]
[EventCountry "ESA"]
[SourceTitle "EXT 2023"]
[Source "ChessBase"]
[SourceDate "2022.10.05"]
[SourceVersion "1"]
[SourceVersionDate "2022.10.05"]
[SourceQuality "1"]
[WhiteTeam "El Salvador"]
[BlackTeam "Costa Rica"]
[WhiteTeamCountry "ESA"]
[BlackTeamCountry "CRI"]

1. e4 e5 2. Nf3 Nc6 3. Bc4 Bc5 4. Qe2 Nf6 5. c3 h6 6. h3 0-0 7. d3 d6 8. Bb3 Bb6 9. Nbd2 Na5 10. Bc2 Be6 11. g4 Nh7 12. Nf1 Nc6 13. Ng3 d5 14. Nf5 Bxf5 15. gxf5 d4 16. Rg1 Qf6 17. Qd2 Kh8 18. Rg4 Rad8 19. Qe2 Rd6 20. Bd2 Ne7 21. c4 c5 22. 0-0-0 Bc7 23. Rdg1 Rg8 24. Qf1 Nc6 25. Kb1 Bd8 26. Qg2 Nf8 27. Bxh6 Qxh6 28. Ng5 Bxg5 29. Rxg5 Nh7 30. Rg4 Nb8 31. Qg3 Nd7 32. Ba4 Nb6 33. Qxe5 Nxa4 34. Rxg7 Rxg7 35. Qe8+ Nf8 36. Qxf8+ Kh7 37. Rxg7+ Qxg7 38. Qxd6 Qg1+ 39. Kc2 Qxf2+ 40. Kb3 Qxb2+ 41. Kxa4 Qb4# 0-1

[Event "World Cup U16 Girls Prel"]
[Site "Tornelo INT"]
[Date "2021.08.06"]
[Round "3"]
[White "Diaz Charpentier, Ashly Valeri"]
[Black "Rochmah, Aulia"]
[Result "1-0"]
[WhiteElo "1030"]
[BlackElo "1572"]
[PlyCount "32"]
[EventDate "2021.08.06"]
[EventType "swiss (rapid)"]
[EventRounds "10"]
[EventCountry "NET"]
[SourceTitle "EXT 2025"]
[Source "ChessBase"]
[SourceDate "2024.10.14"]
[SourceVersion "1"]
[SourceVersionDate "2024.10.14"]
[SourceQuality "1"]

1. e4 c6 2. Nc3 d5 3. exd5 cxd5 4. d4 Nc6 5. Nf3 Nf6 6. Bf4 a6 7. Be2 Bg4 8. h3 Bxf3 9. Bxf3 e6 10. 0-0 Qb6 11. Be3 Qxb2 12. Ne2 b5 13. Qd2 Qb4 14. Qd3 Qd6 15. Rfe1 Be7 16. c3 Na5 1-0